000
00218nam a2200097Ia 4500
005
20251222114413.0
008
251222s1900||||xx |||||||||||||| ||spa||
082
_a
DVD0157/H52/2009
245
4
_a
The 13th day:
942
_c
DVD
999
_c
2114
_d
2114